000
00269nam a2200085Ia 4500
245
0
_a
The mysterious Benedict Society
100
_a
Stewart, Trenton Lee Frome, [Great Britain], 2009 1st pbk. ed
_9
80053
942
_c
BK
008
210817s9999 xx 000 0 und d
999
_c
280221
_d
280220